The Maze Runner Characters - Statistics

General Stats
  • This quiz has been taken 244 times
  • The average score is 12 of 24
Answer Stats
Hint Answer % Correct
The real leader of the free Gladers Thomas
98%
British Runner who attempted suicide Newt
97%
Original Keeper of the Runners Minho
95%
Glade bully who later joins the right arm Gally
92%
The only girl in Group A Teresa
91%
Youngest ever Glader Chuck
90%
Original Glade leader Alby
89%
Glade's professional chef Frypan
73%
Only boy in Group B Aris
60%
Rough-and-tumble immune Scorch girl Brenda
58%
Keeper of the Blood House Winston
52%
Leader of WICKED Ava Paige
50%
Immune Hispanic Scorch inhabitant and master pilot Jorge
47%
Second-in-command of WICKED Rat Man / AD Janson
47%
Leader of Group B Harriet
43%
Second-in-command of Group B Sonya
43%
Keeper of the Track-hoes Zart
42%
Teen boy who survived the Scorch Mark
9%
Ex-soldier who survived the Scorch Alec
6%
Teen girl who survived the Scorch Trina
6%
Nurse who survived the Scorch Lana
5%
Female Scorch kid Misty
4%
Stocky and muscular Scorch kid The Toad
4%
Jokester Scorch kid Darnell
3%
No matching quizzes found
Score Distribution
Percent of People with Each Score
Percentile by Number Answered
Your Score History
You have not taken this quiz